សិក្សាអំពីវិធីសាស្រ្តនៃការកសាងផែនទី ព្រៃឈើនៅកម្ពុជាដោយប្រើរូបថតពីលើអាកាស និងរូបភាពផ្កាយរណប; (Record no. 3176)

000 -LEADER
fixed length control field 00667nam a22001577a 4500
003 - CONTROL NUMBER IDENTIFIER
control field OSt
005 - DATE AND TIME OF LATEST TRANSACTION
control field 20151105150239.0
008 - FIXED-LENGTH DATA ELEMENTS--GENERAL INFORMATION
fixed length control field 151105b xxu||||| |||| 00| 0 eng d
040 ## - CATALOGING SOURCE
Transcribing agency RUA
082 ## - DEWEY DECIMAL CLASSIFICATION NUMBER
Classification number FOR ស្រ៊ុន 1994​​ B119 Or.1
100 ## - MAIN ENTRY--PERSONAL NAME
9 (RLIN) 3406
Personal name ស្រ៊ុន ផេង
245 ## - TITLE STATEMENT
Title សិក្សាអំពីវិធីសាស្រ្តនៃការកសាងផែនទី ព្រៃឈើនៅកម្ពុជាដោយប្រើរូបថតពីលើអាកាស និងរូបភាពផ្កាយរណប;
260 ## - PUBLICATION, DISTRIBUTION, ETC. (IMPRINT)
Place of publication, distribution, etc. Phnom Penh
Name of publisher, distributor, etc. RUA
Date of publication, distribution, etc. 1994
300 ## - PHYSICAL DESCRIPTION
Extent 60p.
Other physical details ill.
Dimensions 29cm.
942 ## - ADDED ENTRY ELEMENTS (KOHA)
Source of classification or shelving scheme
Koha item type FOR
Holdings
Price effective from Date last seen Permanent Location Not for loan Date acquired Source of classification or shelving scheme Koha item type Barcode Lost status Damaged status Shelving location Withdrawn status Current Location Full call number
2015-11-052015-11-05Library Block B 2015-11-05 FORRUA010939  B119 Library Block BFOR ស្រ៊ុន 1994​​ B119 Or.1
2015-11-052015-11-05Library Block B 2015-11-05 FORRUA026385  B119 Library Block BFOR ស្រ៊ុន 1994​​ B119 Or.2
2015-11-052015-11-05Library Block B 2015-11-05 FORRUA010830  B119 Library Block BFOR ស្រ៊ុន 1994​​ B119 Or.3
2015-11-052015-11-05Library Block B 2015-11-05 FORRUA010701  B119 Library Block BFOR ស្រ៊ុន 1994​​ B119 Or.4
មជ្ឈមណ្ឌលឯការនៃសាកលវិទ្យាល័យភូមិន្ទកសិកម្មចំការដូង

Powered by Koha